[Event "Niedersachsen-ch op-A"]
[Site "Verden"]
[Date "2014.01.02"]
[Round "2"]
[White "Pietsch, David"]
[Black "Dorn, Matthias"]
[Result "1-0"]
[WhiteElo "1757"]
[BlackElo "1933"]
[PlyCount "81"]
[EventDate "2014.01.02"]
[EventType "swiss"]
[EventRounds "7"]
[EventCountry "GER"]
[SourceTitle "EXT 2016"]
[Source "ChessBase"]
[SourceDate "2015.10.08"]
[SourceVersion "1"]
[SourceVersionDate "2015.10.08"]
[SourceQuality "1"]

1. d4 Nf6 2. Nf3 e6 3. c4 b6 4. g3 Ba6 5. b3 b5 6. cxb5 Bxb5 7. Bg2 d5 8. 0-0 Bd6 9. Nc3 Ba6 10. Bb2 Nbd7 11. Re1 0-0 12. Rc1 c5 13. e4 cxd4 14. Nxd4 e5 15. Nc6 Qe8 16. Nxd5 Qe6 17. Ncb4 Bxb4 18. Nxb4 Bb7 19. Qd2 Rfd8 20. Qe3 a5 21. Nd3 a4 22. Nc5 Nxc5 23. Rxc5 Nd7 24. Rc7 Ba6 25. Rec1 Bb5 26. bxa4 Bxa4 27. a3 Rab8 28. Ba1 h6 29. h3 Rb3 30. R7c3 Rbb8 31. Qe2 Qd6 32. Qc4 Bb5 33. Qd5 Qxd5 34. exd5 Nb6 35. Rc5 Nd7 36. Rc7 Bd3 37. Bc3 Nb6 38. Bxe5 Nxd5 39. R7c5 Rb5 40. Rxb5 Bxb5 41. Rc5 1-0

[Event "Dresden ZMD op"]
[Site "Dresden"]
[Date "2009.07.26"]
[Round "2"]
[White "Dorn, Matthias"]
[Black "Bobras, Piotr"]
[Result "0-1"]
[WhiteElo "1915"]
[BlackElo "2568"]
[PlyCount "74"]
[EventDate "2009.07.25"]
[EventType "swiss"]
[EventRounds "9"]
[EventCountry "GER"]
[SourceTitle "CBM 131 Extra"]
[Source "ChessBase"]
[SourceDate "2009.09.03"]
[SourceVersion "2"]
[SourceVersionDate "2009.09.16"]
[SourceQuality "1"]

1. d4 Nf6 2. c4 g6 3. Nc3 d5 4. Nf3 Bg7 5. Bg5 Ne4 6. cxd5 Nxg5 7. Nxg5 e6 8. Nf3 exd5 9. e3 a5 10. Bd3 0-0 11. 0-0 Re8 12. a3 c6 13. Qc2 Bf8 14. Na4 Bd6 15. Qc3 Bg4 16. Be2 Nd7 17. h3 Bxf3 18. Bxf3 Qe7 19. Be2 h5 20. Qc2 Bc7 21. Qd2 Qd6 22. f4 Re6 23. Bd3 Rae8 24. Rf3 Kg7 25. g3 Qe7 26. Re1 b5 27. Nc3 Bb6 28. Re2 b4 29. axb4 axb4 30. Nd1 c5 31. dxc5 Nxc5 32. Bb5 Ne4 33. Qc2 Rd8 34. Kg2 Qb7 35. Qd3 d4 36. Qc4 d3 37. Re1 Nd2 0-1

[Event "Bezirk-ch U18"]
[Site "Peine"]
[Date "2006.10.16"]
[Round "5"]
[White "Freitag, Christian"]
[Black "Dorn, Matthias"]
[Result "1/2-1/2"]
[WhiteElo "1603"]
[BlackElo "1845"]
[PlyCount "73"]
[EventDate "2006.10.14"]
[EventType "swiss"]
[EventRounds "7"]
[EventCountry "GER"]
[SourceTitle "EXT 2008"]
[Source "ChessBase"]
[SourceDate "2007.11.25"]
[SourceVersion "1"]
[SourceVersionDate "2007.11.25"]
[SourceQuality "1"]

1. e4 c5 2. Nf3 Nc6 3. d4 cxd4 4. Nxd4 g6 5. Nc3 Bg7 6. Be3 Nf6 7. Bc4 Qa5 8. Nxc6 bxc6 9. Qd2 Qb4 10. Bd3 Qxb2 11. Rb1 Qa3 12. Rb3 Qa5 13. 0-0 0-0 14. f3 d6 15. g4 Nd7 16. Nd5 Qd8 17. Nf4 Nc5 18. Rbb1 Nxd3 19. cxd3 Ba6 20. h4 e5 21. Ng2 c5 22. f4 exf4 23. Bxf4 Be5 24. Rf3 Rb8 25. Rxb8 Qxb8 26. Bxe5 dxe5 27. h5 Qb1+ 28. Kh2 Bc8 29. Qg5 Qb6 30. Rf6 Qd8 31. hxg6 fxg6 32. Rxg6+ hxg6 33. Qxg6+ Kh8 34. Qh6+ Kg8 35. Qg6+ Kh8 36. Qh6+ Kg8 37. Qg6+ 1/2-1/2

[Event "GER-ch op U25"]
[Site "Willingen"]
[Date "2006.06.08"]
[Round "8"]
[White "Weissbeck, Simon"]
[Black "Dorn, Matthias"]
[Result "0-1"]
[WhiteElo "1672"]
[BlackElo "1893"]
[PlyCount "102"]
[EventDate "2006.06.04"]
[EventType "swiss"]
[EventRounds "9"]
[EventCountry "GER"]
[SourceTitle "EXT 2007"]
[Source "ChessBase"]
[SourceDate "2006.11.23"]
[SourceVersion "1"]
[SourceVersionDate "2006.11.23"]
[SourceQuality "1"]

1. e4 c5 2. c3 d5 3. exd5 Qxd5 4. d4 Nc6 5. Nf3 Nf6 6. Be3 cxd4 7. cxd4 e6 8. Be2 Bb4+ 9. Bd2 Bxd2+ 10. Qxd2 Ne4 11. Qd1 Qa5+ 12. Nbd2 Nf6 13. 0-0 0-0 14. Nc4 Qd8 15. Nce5 Ne7 16. Qb3 b6 17. Rac1 Bb7 18. Bb5 Qd6 19. Qa4 a6 20. Be2 Nfd5 21. Qd7 Qxd7 22. Nxd7 Rfc8 23. Bc4 Rd8 24. Bxd5 Nxd5 25. Nde5 Nf4 26. Rc7 Bxf3 27. Nxf3 Ne2+ 28. Kh1 Nxd4 29. Nxd4 Rxd4 30. Rfc1 g5 31. g3 Rd2 32. R1c2 Rad8 33. R7c6 Rxc2 34. Rxc2 Rd6 35. Kg2 Kg7 36. Kf3 Kf6 37. Ke4 h5 38. Ke3 Kf5 39. Rc7 f6 40. Rh7 Rc6 41. Kd3 e5 42. Rxh5 Kg4 43. Rh8 Kf3 44. h4 Rd6+ 45. Kc2 gxh4 46. gxh4 Kxf2 47. Rf8 e4 48. h5 e3 49. h6 e2 50. a3 e1Q 51. h7 Qd1+ 0-1

[Event "GER-ch op U25"]
[Site "Willingen"]
[Date "2006.06.06"]
[Round "6"]
[White "Linsenmeyer, Mario"]
[Black "Dorn, Matthias"]
[Result "1-0"]
[WhiteElo "2022"]
[BlackElo "1893"]
[PlyCount "97"]
[EventDate "2006.06.04"]
[EventType "swiss"]
[EventRounds "9"]
[EventCountry "GER"]
[SourceTitle "EXT 2007"]
[Source "ChessBase"]
[SourceDate "2006.11.23"]
[SourceVersion "1"]
[SourceVersionDate "2006.11.23"]
[SourceQuality "1"]

1. e4 c5 2. Nf3 d6 3. d4 cxd4 4. Nxd4 Nf6 5. Nc3 g6 6. Be3 Bg7 7. Bc4 0-0 8. f3 Nc6 9. Qd2 Bd7 10. 0-0-0 Rc8 11. Bb3 Ne5 12. Kb1 Nc4 13. Bxc4 Rxc4 14. g4 b5 15. b3 Rc8 16. Ndxb5 a6 17. Nd4 Qc7 18. Nd5 Nxd5 19. exd5 a5 20. Bh6 Bxh6 21. Qxh6 a4 22. h4 f6 23. Rhe1 Rfe8 24. Qd2 Qb7 25. h5 Qxd5 26. hxg6 hxg6 27. Rh1 Qf7 28. Qh2 Qg7 29. Nf5 gxf5 30. gxf5 Bxf5 31. Rdg1 Bxc2+ 32. Ka1 Bg6 33. Rxg6 Qxg6 34. Rg1 Qxg1+ 35. Qxg1+ Kf7 36. bxa4 Rc4 37. Qd1 Rc5 38. f4 Rec8 39. Qb3+ Kf8 40. Qh3 Ke8 41. a5 f5 42. a6 R8c7 43. Qb3 Rc8 44. a7 Kf8 45. Qb8 Rc1+ 46. Kb2 R1c2+ 47. Ka3 R2c3+ 48. Ka4 R3c4+ 49. Ka5 1-0

[Event "GER-ch op U25"]
[Site "Willingen"]
[Date "2006.06.04"]
[Round "1"]
[White "Dorn, Matthias"]
[Black "Gogol, Max"]
[Result "1-0"]
[WhiteElo "1893"]
[BlackElo "1220"]
[PlyCount "115"]
[EventDate "2006.06.04"]
[EventType "swiss"]
[EventRounds "9"]
[EventCountry "GER"]
[SourceTitle "EXT 2007"]
[Source "ChessBase"]
[SourceDate "2006.11.23"]
[SourceVersion "1"]
[SourceVersionDate "2006.11.23"]
[SourceQuality "1"]

1. d4 d5 2. c4 e6 3. Nc3 c6 4. Nf3 Nf6 5. e3 Bd6 6. Bd3 Nbd7 7. 0-0 0-0 8. Qe2 dxc4 9. Bxc4 Qe7 10. e4 e5 11. d5 cxd5 12. Nxd5 Nxd5 13. Bxd5 Nb6 14. Bg5 Qe8 15. Rfd1 Nxd5 16. Rxd5 Qc6 17. Rc1 Qb6 18. Be3 Qb4 19. Rc4 Qxc4 20. Qxc4 Be6 21. Qd3 Bxd5 22. Qxd5 b6 23. g3 Rad8 24. Bg5 Be7 25. Bxe7 Rxd5 26. exd5 Ra8 27. d6 f6 28. d7 Kf7 29. d8Q Rxd8 30. Bxd8 Ke8 31. Bc7 Kd7 32. Bb8 a6 33. Kf1 Kc8 34. Bd6 Kd7 35. Bf8 Ke8 36. Bxg7 Kf7 37. Bh6 Ke6 38. Ke2 Kd5 39. Nd2 b5 40. Kd3 f5 41. f3 a5 42. g4 f4 43. h4 Ke6 44. Ne4 Kf7 45. h5 Ke6 46. Ng5+ Kd5 47. Nxh7 a4 48. g5 e4+ 49. fxe4+ Ke5 50. g6 f3 51. Be3 Ke6 52. Ng5+ Kf6 53. Nxf3 Kg7 54. Ne5 Kg8 55. h6 Kh8 56. h7 a3 57. Bh6 axb2 58. Nf7# 1-0

[Event "Niedersachsen-ch U18"]
[Site "Rotenburg/Wuemme"]
[Date "2006.04.09"]
[Round "2"]
[White "Kaphle, Sebastian"]
[Black "Dorn, Matthias"]
[Result "1/2-1/2"]
[WhiteElo "2064"]
[BlackElo "1893"]
[PlyCount "83"]
[EventDate "2006.04.08"]
[EventType "swiss"]
[EventRounds "9"]
[EventCountry "GER"]
[SourceTitle "EXT 2007"]
[Source "ChessBase"]
[SourceDate "2006.11.23"]
[SourceVersion "1"]
[SourceVersionDate "2006.11.23"]
[SourceQuality "1"]

1. e4 c5 2. Nf3 Nc6 3. d4 cxd4 4. Nxd4 g6 5. Nc3 Bg7 6. Be3 Nf6 7. Bc4 Qa5 8. 0-0 0-0 9. Nb3 Qc7 10. Bg5 Qd8 11. Qd2 d6 12. f4 h6 13. Bh4 a6 14. a4 Na5 15. Nxa5 Qxa5 16. Bb3 b6 17. Kh1 Bb7 18. Rae1 Qh5 19. Bg3 Rad8 20. Nd5 Nxd5 21. Bxd5 Bxd5 22. exd5 Rfe8 23. c4 Rb8 24. b4 Qf5 25. Re3 Kf8 26. Rfe1 Rb7 27. Re4 Qf6 28. Bf2 Qc3 29. Qe2 Qb2 30. Qxb2 Bxb2 31. Rb1 Bc3 32. b5 a5 33. g4 Bb4 34. h4 Bc5 35. Bg3 f6 36. Rbe1 Kf7 37. Kg2 Rc7 38. Kf3 Rg8 39. f5 g5 40. hxg5 hxg5 41. Rh1 Kg7 42. Ke2 1/2-1/2

[Event "BEM-ch U18"]
[Site "Helmstedt"]
[Date "2005.10.27"]
[Round "2"]
[White "Barrmeyer, Konstantin"]
[Black "Dorn, Matthias"]
[Result "0-1"]
[WhiteElo "1791"]
[BlackElo "1802"]
[PlyCount "86"]
[EventDate "2005.10.27"]
[EventType "tourn"]
[EventRounds "7"]
[EventCountry "GER"]
[SourceTitle "EXT 2007"]
[Source "ChessBase"]
[SourceDate "2006.11.23"]
[SourceVersion "1"]
[SourceVersionDate "2006.11.23"]
[SourceQuality "1"]

1. d4 f5 2. g3 Nf6 3. Bg2 d6 4. Nf3 g6 5. c4 Bg7 6. Nc3 0-0 7. Qc2 c6 8. 0-0 Qe8 9. b3 Na6 10. Ba3 h6 11. Rad1 Bd7 12. Nh4 Nh5 13. f4 Rc8 14. Qd2 Rb8 15. e4 b5 16. cxb5 cxb5 17. Nd5 Nf6 18. Nxg6 Rf7 19. Ngxe7+ Rxe7 20. Nxe7+ Qxe7 21. e5 Ne8 22. Rfe1 b4 23. Bb2 Nac7 24. d5 a5 25. Bh3 Qf8 26. Qc2 Bc8 27. Qc6 Nb5 28. Ba1 Nec7 29. e6 Qe7 30. Bxg7 Kxg7 31. Bxf5 Nc3 32. Qc4 Nxd1 33. Rxd1 Ba6 34. Qd4+ Qf6 35. Qa7 Rb7 36. Qd4 Nb5 37. Qxf6+ Kxf6 38. g4 Nc3 39. Rd2 Ne2+ 40. Rxe2 Bxe2 41. Kf2 Bb5 42. Be4 Rg7 43. Bf3 Bd3 0-1

[Event "BEM-ch U18"]
[Site "Helmstedt"]
[Date "2005.10.27"]
[Round "1"]
[White "Dorn, Matthias"]
[Black "Weintraub, Daniel"]
[Result "1-0"]
[WhiteElo "1802"]
[BlackElo "1272"]
[PlyCount "93"]
[EventDate "2005.10.27"]
[EventType "tourn"]
[EventRounds "7"]
[EventCountry "GER"]
[SourceTitle "EXT 2007"]
[Source "ChessBase"]
[SourceDate "2006.11.23"]
[SourceVersion "1"]
[SourceVersionDate "2006.11.23"]
[SourceQuality "1"]

1. d4 d5 2. c4 e6 3. Nc3 Nf6 4. Bg5 Be7 5. e3 h6 6. Bh4 0-0 7. Nf3 Nc6 8. Bd3 Re8 9. 0-0 b6 10. Rc1 Bb7 11. a3 Qd7 12. cxd5 Nxd5 13. Nxd5 Qxd5 14. Bxe7 Rxe7 15. Qc2 Rc8 16. Be4 Qd6 17. Bxc6 Bxc6 18. Qxc6 Qxc6 19. Rxc6 a5 20. Rfc1 b5 21. R1c5 Rb8 22. Rxc7 Rxc7 23. Rxc7 b4 24. a4 f6 25. Kf1 Kf8 26. Ke2 g5 27. Kd2 h5 28. Ra7 Rc8 29. Rxa5 b3 30. Rc5 Ra8 31. a5 Ke7 32. Kc3 Rb8 33. Nd2 Kd7 34. Nxb3 Rc8 35. Rxc8 Kxc8 36. Nc5 Kc7 37. a6 Kb6 38. b4 e5 39. b5 exd4+ 40. exd4 h4 41. d5 f5 42. d6 f4 43. Kc4 g4 44. a7 Kxa7 45. d7 g3 46. d8Q gxh2 47. b6# 1-0

[Event "GER-ch U25"]
[Site "Willingen"]
[Date "2005.05.19"]
[Round "8"]
[White "Siebarth, Marco"]
[Black "Dorn, Matthias"]
[Result "1-0"]
[WhiteElo "2011"]
[BlackElo "1728"]
[PlyCount "103"]
[EventDate "2005.05.14"]
[EventType "swiss"]
[EventRounds "9"]
[EventCountry "GER"]
[SourceTitle "CBM 106 Extra"]
[Source "ChessBase"]
[SourceDate "2005.07.01"]
[SourceVersion "1"]
[SourceVersionDate "2005.07.01"]
[SourceQuality "1"]

1. e4 c5 2. Nf3 Nc6 3. d4 cxd4 4. Nxd4 g6 5. c4 Bg7 6. Be3 Nf6 7. Nc3 0-0 8. Be2 d6 9. 0-0 Bd7 10. Qd2 Nxd4 11. Bxd4 Bc6 12. Bd3 Nd7 13. Bxg7 Kxg7 14. Rae1 Nc5 15. b4 Nxd3 16. Qxd3 Qb6 17. b5 Bd7 18. Nd5 Qd8 19. f4 Be6 20. Ne3 f6 21. f5 Bf7 22. fxg6 hxg6 23. Rf3 Rc8 24. Rg3 Rh8 25. Nd5 Kf8 26. Ree3 Qa5 27. Qe2 Qa4 28. Rc3 Rh4 29. Ra3 Qxc4 30. Qxc4 Rxc4 31. Rxa7 Rhxe4 32. Ne3 Ra4 33. Rxb7 Rxa2 34. Rb8+ Be8 35. h3 Rb2 36. Nd5 Rxb5 37. Rxe8+ Kxe8 38. Nc7+ Kf7 39. Nxb5 Rb4 40. Nc3 e5 41. Rf3 Ke6 42. Rxf6+ Kxf6 43. Nd5+ Kf5 44. Nxb4 e4 45. Kf2 Ke5 46. Ke3 d5 47. Nc2 Kf5 48. g3 Ke5 49. Nd4 g5 50. Ne2 Kf5 51. Kd4 g4 52. h4 1-0

[Event "GER-ch U25 op"]
[Site "Willingen"]
[Date "2004.06.01"]
[Round "5"]
[White "Trippe, Fabian"]
[Black "Dorn, Matthias"]
[Result "0-1"]
[WhiteElo "1637"]
[BlackElo "1762"]
[PlyCount "60"]
[EventDate "2004.05.30"]
[EventType "swiss"]
[EventRounds "9"]
[EventCountry "GER"]
[SourceTitle "EXT 2005"]
[Source "ChessBase"]
[SourceDate "2004.11.15"]
[SourceVersion "1"]
[SourceVersionDate "2004.11.15"]
[SourceQuality "1"]

1. d4 Nf6 2. e3 g6 3. Bd3 Bg7 4. f4 0-0 5. Nf3 d6 6. 0-0 Nbd7 7. Nbd2 Qe8 8. e4 e5 9. fxe5 dxe5 10. d5 Qe7 11. Nb3 h6 12. h3 Nh7 13. Nh2 Nc5 14. Be3 Nxd3 15. cxd3 b6 16. Rc1 f5 17. Qc2 f4 18. Bf2 Ba6 19. Rfe1 Rac8 20. d4 Ng5 21. dxe5 Bxe5 22. Nf3 Nxf3+ 23. gxf3 Qf6 24. Rcd1 c6 25. d6 Bxd6 26. e5 Bxe5 27. Kh2 Rcd8 28. Rxe5 Rxd1 29. Qxd1 Qxe5 30. Bd4 Qe2+ 0-1